Creativity 101 (Record no. 5414)

MARC details
000 -CABECERA
campo de control de longitud fija 02915pam a2200349 i 4500
001 - NÚMERO DE CONTROL
campo de control 991106063731506196
005 - FECHA Y HORA DE LA ÚLTIMA TRANSACCIÓN
campo de control 20260310164623.0
008 - DATOS DE LONGITUD FIJA--INFORMACIÓN GENERAL
campo de control de longitud fija 160114s2016 nyu b 001 0 eng
010 ## - NÚMERO DE CONTROL DE LA BIBLIOTECA DEL CONGRESO
Número de control de LC 2015051152
020 ## - NÚMERO INTERNACIONAL ESTÁNDAR DEL LIBRO
Número Internacional Estándar del Libro 0826129528
Información calificativa paperback
020 ## - NÚMERO INTERNACIONAL ESTÁNDAR DEL LIBRO
Número Internacional Estándar del Libro 9780826129529
Información calificativa paperback
035 ## - NÚMERO DE CONTROL DEL SISTEMA
Número de control de sistema (UTL)10410267-01utoronto_inst
035 ## - NÚMERO DE CONTROL DEL SISTEMA
Número de control de sistema (SIRSI)10410267
035 ## - NÚMERO DE CONTROL DEL SISTEMA
Número de control de sistema (OCoLC)934937885
Número de control cancelado/no válido (OCoLC)926743488
040 ## - FUENTE DE LA CATALOGACIÓN
Centro catalogador/agencia de origen DLC
Lengua de catalogación eng
Centro/agencia transcriptor DLC
Centro/agencia modificador OCLCO
-- OCLCF
-- YDXCP
-- BTCTA
-- OCLCQ
-- NhCcYBP
-- CaOTU
041 ## - CÓDIGO DE LENGUA
Código de lengua del texto/banda sonora o título independiente English
042 ## - CÓDIGO DE AUTENTICACIÓN
Código de autenticación pcc
050 00 - SIGNATURA TOPOGRÁFICA DE LA BIBLIOTECA DEL CONGRESO
Número de clasificación BF408
Número de documento/Ítem .K364 2016
100 ## - ENTRADA PRINCIPAL--NOMBRE DE PERSONA
Nombre de persona Kaufman, James C..
9 (RLIN) 26875
245 10 - MENCIÓN DE TÍTULO
Título Creativity 101
Mención de responsabilidad, etc. / James C. Kaufman, PhD.
246 3# - FORMA VARIANTE DE TÍTULO
Título propio/Titulo breve Creativity one hundred one
250 ## - MENCIÓN DE EDICIÓN
Mención de edición Second edition.
260 ## - PUBLICACIÓN, DISTRIBUCIÓN, ETC.
Lugar de publicación, distribución, etc. New York :
Nombre del editor, distribuidor, etc. Springer Publishing Company,
Fecha de publicación, distribución, etc. [2016]
300 ## - DESCRIPCIÓN FÍSICA
Extensión xvi, 349 p. ;
Dimensiones 21 cm.
490 1# - MENCIÓN DE SERIE
Mención de serie The Psych 101 series
504 ## - NOTA DE BIBLIOGRAFÍA, ETC.
Nota de bibliografía, etc. Includes bibliographical references and index.
505 ## - NOTA DE CONTENIDO CON FORMATO
Nota de contenido con formato Part I: The Basics — What Is Creativity? — Theories of Creativity — The Structure of Creativity — Measures of Creativity — Part II: The Creative Individual — Creativity and Personality — Creativity and Motivation — Creativity and Intelligence — Creativity and Mental Health — Part III: The Big Picture — Creativity and Admissions, Hiring, and Fairness — Creative Environments: Life, Classrooms, Workplaces, and the World — Creative Perceptions (of Self and Others) — Is Creativity a Good Thing or a Bad Thing? — Epilogue: The Future of Creativity.
520 ## - SUMARIO, ETC.
Sumario, etc. What makes us creative? How can organizations, schools, or parents inspire people to be more creative? How do we even start to define the topic in thefirst place? Now in its second edition, this bestselling introductory text—written by one of the world’s leading experts on the psychology of creativity—iscompletely updated and expanded to reflect the tremendous growth in this field. In a restructured, reader-friendly format, the text surveys the latesttheories and research to provide key information about what we know (and don’t know) about creativity. It addresses how creativity operates both onindividual and on social/environmental levels, how it is defined and measured, and several hot debates in the field, such as creativity’s uncertainrelationship to mental illness. Grounded in psychological research from clinical, industrial, social, cognitive, evolutionary, and developmentalperspectives, this text also draws on classic and current findings from neuroscience, business, education, engineering, and biology.<br/><br/>This much-praised book is an ideal brief and affordable text for courses on creativity in psychology, education, business, and other fields, as well ascross-disciplinary seminars and programs in creativity studies.
650 #0 - PUNTO DE ACCESO ADICIONAL DE MATERIA--TÉRMINO DE MATERIA
Término de materia o nombre geográfico como elemento de entrada Creative ability
9 (RLIN) 7047
830 #0 - PUNTO DE ACCESO ADICIONAL DE SERIE-TÍTULO UNIFORME
Título uniforme Psych 101 series.
942 ## - ELEMENTOS DE ENTRADA AGREGADA (KOHA)
Fuente del sistema de clasificación o colocación Clasificación de Library of Congress
Holdings
Estado de retiro Estado de pérdida Fuente del sistema de clasificación o colocación Estado dañado No para préstamo Biblioteca de origen Biblioteca actual Fecha de adquisición Total de préstamos Fecha visto por última vez Número de copia Precio válido a partir de Tipo de ítem Koha Nota pública
    Clasificación de Library of Congress     TBS Barcelona TBS Barcelona 10/03/2026   10/03/2026 1 10/03/2026 Book SOON AVAILABLE

Powered by Koha